书目信息 |
| 题名: |
谈跃伟作品集
|
|
| 作者: | 王占娥 主编 | |
| 分册: | ||
| 出版信息: | 石家庄 河北美术出版社 2008.04 |
|
| 页数: | 46页 | |
| 开本: | 30cm | |
| 丛书名: | 艺术情缘·名家经典系列 | |
| 单 册: | ||
| 中图分类: | J331 | |
| 科图分类: | ||
| 主题词: | 陶艺--作品集--中国--现代 | |
| 电子资源: | ||
| ISBN: | 978-7-5310-3053-9 | |
| 000 | 00719nam 2200241 450 | |
| 001 | 1060261390 | |
| 005 | 20100814165331.98 | |
| 010 | @a978-7-5310-3053-9@dCNY26.00 | |
| 100 | @a20100515d2008 km y0chiy0120 ea | |
| 101 | 0 | @achi |
| 102 | @aCN@b130000 | |
| 105 | @aa z 000yy | |
| 200 | 1 | @a谈跃伟作品集@Atan yue wei zuo pin ji@f王占娥主编@Fwang zhan e zhu bian |
| 210 | @a石家庄@c河北美术出版社@d2008.04 | |
| 215 | @a46页@c图@d30cm | |
| 225 | 2 | @a艺术情缘·名家经典系列 |
| 330 | @a本书收集了谈跃伟的多幅优秀画作。 | |
| 410 | 0 | @12001 @a艺术情缘·名家经典系列 |
| 606 | 0 | @a陶艺@x作品集@y中国@z现代 |
| 690 | @aJ331@v4 | |
| 701 | 0 | @a王占娥@Awang zhan e@4主编 |
| 801 | 0 | @aCN@c20100515 |
| 905 | @dJ331@eT088@f3 | |
| 谈跃伟作品集/王占娥主编.-石家庄:河北美术出版社,2008.04 |
| 46页:图;30cm.-(艺术情缘·名家经典系列) |
| ISBN 978-7-5310-3053-9:CNY26.00 |
| 本书收集了谈跃伟的多幅优秀画作。 |
| ● |
| 相关链接 |
|
|
|
正题名:谈跃伟作品集
索取号:J331/T088
 
预约/预借
| 序号 | 登录号 | 条形码 | 馆藏地/架位号 | 状态 | 备注 |
| 1 | 1029896 | 210298961 | 社科库309/309社科库 81排4列6层/ [索取号:J331/T088] | 在馆 | |
| 2 | 1029897 | 210298970 | 社科库309/309社科库 81排4列6层/ [索取号:J331/T088] | 在馆 | |
| 3 | 1029898 | 210298989 | 社科库309/309社科库 81排4列6层/ [索取号:J331/T088] | 在馆 |